<?xml version="1.0" encoding="UTF-8"?>
<marc:record xmlns:marc="http://www.loc.gov/MARC21/slim">
   <marc:leader>00000nam a2200000 a 4500</marc:leader>
   <marc:datafield ind1="1" ind2=" " tag="100">
      <marc:subfield code="a">Dettmer-Finke, Reinhild</marc:subfield>
      <marc:subfield code="4">aut</marc:subfield>
      <marc:subfield code="e">Verfasser/-in</marc:subfield>
   </marc:datafield>
   <marc:datafield ind1="1" ind2=" " tag="100">
      <marc:subfield code="a">Denis, Moritz</marc:subfield>
      <marc:subfield code="4">aut</marc:subfield>
      <marc:subfield code="e">Verfasser/-in</marc:subfield>
   </marc:datafield>
   <marc:datafield ind1="1" ind2=" " tag="100">
      <marc:subfield code="a">Stanzel, Tim</marc:subfield>
      <marc:subfield code="4">aut</marc:subfield>
      <marc:subfield code="e">Verfasser/-in</marc:subfield>
   </marc:datafield>
   <marc:datafield ind1="1" ind2=" " tag="100">
      <marc:subfield code="a">Nakajima, Johannes Hiroshi</marc:subfield>
   </marc:datafield>
   <marc:datafield ind1="1" ind2=" " tag="100">
      <marc:subfield code="a">Hosenfeld, Eike</marc:subfield>
   </marc:datafield>
   <marc:datafield ind1="0" ind2="0" tag="245">
      <marc:subfield code="a">Moderne Ruinen - Staffel 1 - Folge 5: Kolmanskuppe &#x96; Diamanten-Geisterstadt in Namibia</marc:subfield>
   </marc:datafield>
   <marc:datafield ind1="0" ind2="0" tag="245">
      <marc:subfield code="c">Montage: Johannes Hiroshi Nakajima; Drehbuch: Reinhild Dettmer-Finke; Produktion: Christian Beetz; Musik: Moritz Denis, Tim Stanzel, Eike Hosenfeld; Regie: Reinhild Dettmer-Finke; Kamera: Sven Kiesche</marc:subfield>
   </marc:datafield>
   <marc:datafield ind1=" " ind2="1" tag="264">
      <marc:subfield code="a">Potsdam</marc:subfield>
      <marc:subfield code="b">filmwerte GmbH</marc:subfield>
      <marc:subfield code="c">2022</marc:subfield>
   </marc:datafield>
   <marc:datafield ind1="1" ind2=" " tag="520">
      <marc:subfield code="a">Im Jahr 1908 fand ein schwarzer Hilfsarbeiter der deutschen Reichsbahn namens Zacharias Lewala bei Gleisreparaturarbeiten einen glitzernden Stein. Er brachte ihn seinem Vorgesetzten August Stauch. Dieser Zufallsfund war der Startschuss für einen beispiellosen Diamantenrausch in einer der unwirklichsten Gegenden Afrikas. Er lockte hunderte Glücksritter, Unternehmer und Arbeiter an.</marc:subfield>
   </marc:datafield>
   <marc:datafield ind1=" " ind2=" " tag="041">
      <marc:subfield code="a">ger</marc:subfield>
   </marc:datafield>
   <marc:datafield ind1=" " ind2=" " tag="300">
      <marc:subfield code="a">1 Online-Ressource (52 min), Bild: 16:9 HD</marc:subfield>
   </marc:datafield>
</marc:record>
